[Event "American Continental"]
[Site "Praia da Pipa BRA"]
[Date "2014.10.19"]
[EventDate "2014.10.18"]
[Round "3.5"]
[Result "1-0"]
[White "Samuel Shankland"]
[Black "Giuseppe Leiva Rodriguez"]
[WhiteElo "2633"]
[BlackElo "2409"]
[PlyCount "206"]

1. d4 Nf6 2. c4 e6 3. Nf3 b6 4. g3 Bb7 5. Bg2 Be7 6. O-O O-O
7. Nc3 Ne4 8. Bd2 Bf6 9. Ne5 Nxc3 10. Bxc3 Bxg2 11. Kxg2 c5
12. Nf3 Nc6 13. d5 Bxc3 14. dxc6 Bxb2 15. Rb1 Bf6 16. cxd7 Qc7
17. Qd2 Rfd8 18. Rfd1 Rab8 19. Rb3 Rb7 20. Rd3 b5 21. Qc2 bxc4
22. Qxc4 Rb4 23. Qa6 c4 24. Rd6 Rb6 25. Rxb6 axb6 26. Qb5 Qc5
27. Qxc5 bxc5 28. a4 Kf8 29. a5 c3 30. a6 Ra8 31. a7 c2
32. Rc1 Rxa7 33. Ne5 Rc7 34. Rxc2 Bd8 35. Nd3 c4 36. Nb2 c3
37. Na4 Bf6 38. Rxc3 Rxd7 39. Rc8+ Rd8 40. Rc7 Be5 41. Rc6 g5
42. Nc5 h6 43. g4 Kg8 44. Nd3 Bd6 45. Ra6 Kg7 46. Ra5 Kg6
47. h3 f5 48. Ra6 Kf7 49. Kf3 Rd7 50. e4 Bb8 51. Nc5 Rc7
52. Nxe6 Rc3+ 53. Kg2 fxe4 54. Nd4 e3 55. Rxh6 exf2 56. Kxf2
Bg3+ 57. Ke2 Bf4 58. Nf3 Re3+ 59. Kf2 Ra3 60. Rc6 Ra2+ 61. Ke1
Ra1+ 62. Ke2 Ra2+ 63. Kd3 Ra3+ 64. Rc3 Rxc3+ 65. Kxc3 Kf6
66. Kd4 Ke6 67. Ke4 Bc1 68. Nd4+ Kf6 69. Kd5 Bf4 70. Nf5 Kf7
71. Ke4 Bc1 72. Ng3 Ke6 73. Ne2 Bb2 74. Ng1 Bc1 75. Nf3 Kf6
76. Kd5 Bf4 77. Nd4 Bh2 78. Nb5 Bf4 79. Nc3 Kf7 80. Ke4 Ke6
81. Ne2 Be5 82. Ng1 Kf6 83. Kd5 Bf4 84. Ne2 Be5 85. Nd4 Bf4
86. Nb5 Be5 87. Nd6 Bf4 88. Ne4+ Kf7 89. Nc5 Kf6 90. Nd7+ Ke7
91. Ne5 Kf6 92. Nf3 Bc1 93. Ke4 Ke6 94. Nd4+ Kf6 95. Ne2 Bd2
96. Kd5 Be3 97. Ng3 Bc1 98. Ne4+ Kg6 99. Ke6 Be3 100. Nf6 Bd4
101. Nd7 Bf2 102. Ne5+ Kg7 103. Kf5 Kh6 1-0

[Event "American Continental"]
[Site "Praia da Pipa BRA"]
[Date "2014.10.21"]
[EventDate "2014.10.18"]
[Round "5.4"]
[Result "1/2-1/2"]
[White "Samuel Shankland"]
[Black "Salvador Alonso"]
[WhiteElo "2633"]
[BlackElo "2505"]
[PlyCount "61"]

1. d4 d5 2. c4 c6 3. Nf3 Nf6 4. Nc3 dxc4 5. a4 Bf5 6. Ne5 Nbd7
7. Nxc4 Qc7 8. g3 e5 9. dxe5 Nxe5 10. Bf4 Nfd7 11. Bg2 f6
12. O-O Rd8 13. Qc1 Be6 14. Ne4 Bb4 15. Rd1 O-O 16. a5 a6
17. Rd4 Nc5 18. Nxc5 Bxc5 19. Nxe5 fxe5 20. Qxc5 exf4 21. Rxf4
Rxf4 22. gxf4 Rd2 23. f5 Bf7 24. e4 Qd8 25. Re1 Rxb2 26. e5
Qd2 27. Rf1 Qg5 28. Kh1 Qxf5 29. Qd4 Bd5 30. Bxd5+ cxd5
31. Qxb2 1/2-1/2

[Event "American Continental"]
[Site "Praia da Pipa BRA"]
[Date "2014.10.22"]
[EventDate "2014.10.18"]
[Round "6.6"]
[Result "1/2-1/2"]
[White "Jose Eduardo Martinez Alcantara"]
[Black "Samuel Shankland"]
[WhiteElo "2440"]
[BlackElo "2633"]
[PlyCount "124"]

1. c4 g6 2. Nc3 c5 3. Nf3 Bg7 4. g3 Nc6 5. Bg2 d6 6. O-O e6
7. e3 Nge7 8. d4 O-O 9. b3 e5 10. dxe5 dxe5 11. Ba3 Qa5
12. Na4 b6 13. Ng5 h6 14. Ne4 Rd8 15. Qc2 f5 16. Nec3 e4
17. Rad1 Be6 18. Nb5 Rxd1 19. Rxd1 Rd8 20. Rxd8+ Nxd8 21. Qd1
Ndc6 22. Nc7 Bf7 23. Bc1 Bc3 24. f3 Be5 25. Bd2 Nb4 26. Nb5 a6
27. Bc3 Nec6 28. Nd6 b5 29. Nxf7 Kxf7 30. Qd7+ Ne7 31. Bxe5
Nd5 32. Nc3 Nxc3 33. Qd2 b4 34. fxe4 Nxe4 35. Bxe4 fxe4
36. Qf2+ Ke8 37. Qf6 Qxa2 38. Bd6 Nc8 39. Qxg6+ Kd7 40. Be5
Ne7 41. Qd6+ Ke8 42. Bf6 Ng8 43. Qe6+ Kf8 44. Qf5 Qb1+ 45. Kg2
Nxf6 46. Qxf6+ Ke8 47. Qe6+ Kd8 48. Qd6+ Ke8 49. Qc6+ Kf7
50. Qd7+ Kf8 51. Qf5+ Ke8 52. Qe5+ Kd7 53. Qd5+ Ke8 54. Qa8+
Ke7 55. Qa7+ Ke8 56. Qxc5 Qxb3 57. Qc6+ Kf7 58. Qd7+ Kf6
59. Qd6+ Kf7 60. Qf4+ Kg7 61. Qe5+ Kf7 62. Qf5+ Kg7 1/2-1/2

[Event "American Continental"]
[Site "Praia da Pipa BRA"]
[Date "2014.10.22"]
[EventDate "2014.10.18"]
[Round "7.9"]
[Result "1-0"]
[White "Samuel Shankland"]
[Black "Bernardo Roselli Mailhe"]
[WhiteElo "2633"]
[BlackElo "2404"]
[PlyCount "65"]

1. e4 e6 2. d4 d5 3. Nc3 Bb4 4. e5 b6 5. a3 Bxc3+ 6. bxc3 Ne7
7. Qg4 Ng6 8. h4 h5 9. Qd1 Qd7 10. Be2 Ba6 11. Bxh5 Qb5
12. Be2 Qc6 13. Bxa6 Nxa6 14. Qd3 Rxh4 15. Rxh4 Nxh4 16. Ne2
Qa4 17. Qh7 Ng6 18. Qg8+ Nf8 19. Qxg7 Qxc2 20. Bh6 O-O-O
21. Bg5 Re8 22. Qxf7 Qg6 23. Qxg6 Nxg6 24. f4 Nb8 25. Kf2 Rh8
26. g4 Rh2+ 27. Kf3 Nc6 28. Re1 Na5 29. Kg3 Rh7 30. f5 Nf8
31. Nf4 exf5 32. gxf5 Rg7 33. Kg4 1-0

[Event "American Continental"]
[Site "Praia da Pipa BRA"]
[Date "2014.10.23"]
[EventDate "2014.10.18"]
[Round "8.5"]
[Result "0-1"]
[White "Yago De Moura Santiago"]
[Black "Samuel Shankland"]
[WhiteElo "2397"]
[BlackElo "2633"]
[PlyCount "62"]

1. e4 c5 2. Nf3 e6 3. d4 cxd4 4. Nxd4 Nc6 5. Nxc6 bxc6 6. Bd3
d5 7. O-O Nf6 8. Nd2 Be7 9. Qe2 O-O 10. c4 a5 11. Rd1 Qb6
12. e5 Nd7 13. Nf3 Ba6 14. Ng5 h6 15. Nh3 Rfd8 16. Be3 Bc5
17. Bf4 Bxc4 18. Bxc4 dxc4 19. Rd2 Nf8 20. Rc2 Ng6 21. Bd2 Bd4
22. Qxc4 Nxe5 23. Qe2 Qb5 24. Nf4 g5 25. Qxb5 cxb5 26. Ne2 Bb6
27. h3 Rac8 28. Rac1 Rxc2 29. Rxc2 Nd3 30. Kf1 Nxf2 31. Nc3
Rc8 0-1

[Event "American Continental"]
[Site "Praia da Pipa BRA"]
[Date "2014.10.24"]
[EventDate "2014.10.18"]
[Round "9.3"]
[Result "1-0"]
[White "Samuel Shankland"]
[Black "Gilberto Hernandez Guerrero"]
[WhiteElo "2633"]
[BlackElo "2531"]
[PlyCount "63"]

1. d4 Nf6 2. c4 c5 3. d5 g6 4. Nc3 Bg7 5. e4 d6 6. Nf3 O-O
7. Be2 e6 8. O-O exd5 9. exd5 Bg4 10. Bf4 a6 11. Qd2 Qb6
12. Rae1 Bxf3 13. Bxf3 Nbd7 14. b3 Rfe8 15. g4 Qb4 16. Bxd6
Nxg4 17. Ne4 Qxd2 18. Nxd2 Nge5 19. Bg2 Nd3 20. Re7 Rxe7
21. Bxe7 Bf6 22. Bxf6 Nxf6 23. Rd1 b6 24. d6 Rd8 25. Nf3 Nf4
26. Ne5 Ne2+ 27. Kf1 Nd4 28. d7 h5 29. Bh3 Ng4 30. Bxg4 hxg4
31. Rxd4 cxd4 32. b4 1-0

[Event "American Continental"]
[Site "Praia da Pipa BRA"]
[Date "2014.10.25"]
[EventDate "2014.10.18"]
[Round "10.1"]
[Result "1/2-1/2"]
[White "Alexander Shabalov"]
[Black "Samuel Shankland"]
[WhiteElo "2499"]
[BlackElo "2633"]
[PlyCount "47"]

1. e4 c6 2. d4 d5 3. Nc3 dxe4 4. Nxe4 Bf5 5. Ng3 Bg6 6. h4 h6
7. Nf3 Nd7 8. h5 Bh7 9. Bd3 Bxd3 10. Qxd3 e6 11. Bd2 Ngf6
12. O-O-O Be7 13. Qe2 O-O 14. Nf1 c5 15. g4 cxd4 16. g5 Nd5
17. gxh6 Qb6 18. Rg1 Ba3 19. bxa3 Nc3 20. Bxc3 dxc3 21. Rxg7+
Kh8 22. Rh7+ Kg8 23. Rg7+ Kh8 24. Rh7+ 1/2-1/2

[Event "Qatar Masters"]
[Site "Doha QAT"]
[Date "2014.11.26"]
[EventDate "2014.11.26"]
[Round "1.31"]
[Result "1-0"]
[White "Samuel Shankland"]
[Black "Rishi Sardana"]
[WhiteElo "2642"]
[BlackElo "2415"]
[PlyCount "87"]

1. d4 d5 2. c4 c6 3. Nf3 Nf6 4. Nc3 dxc4 5. a4 Bf5 6. Ne5 Nbd7
7. Nxc4 Nb6 8. Ne5 a5 9. e3 g6 10. Bd3 Bxd3 11. Nxd3 Bg7
12. Qb3 O-O 13. O-O Nfd7 14. Rd1 Qc7 15. Bd2 Nc8 16. Rac1 Qb6
17. Qxb6 Ncxb6 18. b3 f5 19. Ne2 Rfd8 20. Nef4 Kf7 21. Nc5
Nxc5 22. Rxc5 Nd5 23. Bxa5 b6 24. Rxd5 cxd5 25. Bxb6 Rdc8
26. Nxd5 Rc2 27. a5 e6 28. Nc7 Rc8 29. a6 Rc6 30. Ba5 Bf6
31. a7 Bd8 32. a8=Q Rxa8 33. Nxa8 Bxa5 34. g3 Bd8 35. Ra1 Rc3
36. Ra7+ Kf8 37. Rxh7 Rxb3 38. Nc7 Bxc7 39. Rxc7 Rb2 40. Kg2
g5 41. h4 f4 42. gxf4 gxf4 43. Kf3 fxe3 44. fxe3 1-0

[Event "Qatar Masters"]
[Site "Doha QAT"]
[Date "2014.11.27"]
[EventDate "2014.11.26"]
[Round "2.20"]
[Result "1/2-1/2"]
[White "Matthieu Cornette"]
[Black "Samuel Shankland"]
[WhiteElo "2566"]
[BlackElo "2642"]
[PlyCount "76"]

1. Nf3 d5 2. c4 c6 3. d4 Nf6 4. g3 Bg4 5. Ne5 Bh5 6. cxd5 cxd5
7. Nc3 e6 8. Qa4+ Nfd7 9. g4 Bg6 10. h4 f6 11. Nxg6 hxg6
12. e4 dxe4 13. d5 exd5 14. Nxd5 Nc6 15. Be3 Nc5 16. Qc4 Ne5
17. Qb5+ Kf7 18. Bc4 Nxc4 19. Qxc4 b5 20. Qd4 Qd7 21. Nc3 Qxd4
22. Bxd4 b4 23. Ne2 Rd8 24. Kf1 Nd3 25. Bxa7 Nxb2 26. Ng3 Re8
27. Bd4 Nd3 28. Rd1 Ne5 29. h5 gxh5 30. gxh5 Nc4 31. Rh4 Ra8
32. Rxe4 Rxa2 33. Bc3 Rc2 34. Rd7+ Kg8 35. Rxc4 Rxc3 36. Rxc3
bxc3 37. Ke2 f5 38. Rc7 f4 1/2-1/2

[Event "Qatar Masters"]
[Site "Doha QAT"]
[Date "2014.11.28"]
[EventDate "2014.11.26"]
[Round "3.20"]
[Result "1/2-1/2"]
[White "Samuel Shankland"]
[Black "Gao Rui"]
[WhiteElo "2642"]
[BlackElo "2523"]
[PlyCount "96"]

1. d4 Nf6 2. c4 g6 3. Nc3 d5 4. Bg5 Bg7 5. e3 c5 6. Nf3 cxd4
7. Nxd4 Nc6 8. Ndb5 a6 9. cxd5 axb5 10. Bxb5 O-O 11. dxc6 Qb6
12. Qd4 Qa5 13. Qa4 bxc6 14. Bxc6 Qxc3+ 15. bxc3 Rxa4 16. Bxf6
Bxf6 17. Bxa4 Bxc3+ 18. Ke2 Ba6+ 19. Kf3 Bb7+ 20. e4 Bxa1
21. Rxa1 f5 22. Bb3+ Kg7 23. Bd5 fxe4+ 24. Kxe4 Bxd5+ 25. Kxd5
Rxf2 26. a4 Rxg2 27. a5 Rxh2 28. a6 Rd2+ 29. Kc6 Rc2+ 30. Kd7
Rd2+ 31. Kxe7 Re2+ 32. Kd7 Rd2+ 33. Kc7 Rc2+ 34. Kb6 Rb2+
35. Ka5 Rb8 36. a7 Ra8 37. Kb6 Kf6 38. Kb7 Rxa7+ 39. Rxa7 h5
40. Kc6 Ke5 41. Kc5 h4 42. Kc4 Ke4 43. Rh7 g5 44. Rh5 Kf3
45. Kd3 g4 46. Rxh4 g3 47. Rh3 Kf2 48. Rxg3 Kxg3 1/2-1/2

[Event "Qatar Masters"]
[Site "Doha QAT"]
[Date "2014.11.29"]
[EventDate "2014.11.26"]
[Round "4.26"]
[Result "0-1"]
[White "Lela Javakhishvili"]
[Black "Samuel Shankland"]
[WhiteElo "2486"]
[BlackElo "2642"]
[PlyCount "116"]

1. d4 d5 2. c4 e6 3. Nc3 c6 4. e3 Nf6 5. Nf3 Nbd7 6. Bd3 dxc4
7. Bxc4 b5 8. Bd3 a6 9. a4 b4 10. Ne4 Bb7 11. Nxf6+ Nxf6
12. Qe2 c5 13. dxc5 Bxc5 14. e4 O-O 15. O-O Qc7 16. Bg5 a5
17. Rac1 Rac8 18. Be3 Qd6 19. Bxc5 Rxc5 20. e5 Bxf3 21. exd6
Bxe2 22. Rxc5 Bxd3 23. Rd1 Be4 24. Rxa5 Rd8 25. Rb5 Bc2
26. Ra1 Nd5 27. Rc5 Bd3 28. Rc6 Kf8 29. Rd1 Be4 30. Rc4 Bg6
31. a5 Ke8 32. a6 Ra8 33. d7+ Kxd7 34. Rxb4 Rxa6 35. Rb8 Rc6
36. h3 Rc2 37. Kf1 Ke7 38. Rd4 Kf6 39. Ke1 Ke5 40. Rd2 Rc1+
41. Rd1 Rc4 42. b3 Rc3 43. b4 Rb3 44. b5 h5 45. Rb7 Nf4 46. g3
Nd3+ 47. Ke2 Nc5 48. Rb8 Bd3+ 49. Ke1 Bxb5 50. Ra1 Ke4 51. Ra7
Nd3+ 52. Kd2 Ne5 53. Rab7 Rd3+ 54. Kc1 Bc4 55. f4 Nc6 56. Rf8
e5 57. Rc7 Bd5 58. fxe5 Nxe5 0-1

[Event "Qatar Masters"]
[Site "Doha QAT"]
[Date "2014.11.30"]
[EventDate "2014.11.26"]
[Round "5.16"]
[Result "1-0"]
[White "Samuel Shankland"]
[Black "Gadir Guseinov"]
[WhiteElo "2642"]
[BlackElo "2592"]
[PlyCount "75"]

1. e4 c5 2. Nf3 Nc6 3. d4 cxd4 4. Nxd4 g6 5. c4 Bg7 6. Be3 Nf6
7. Nc3 O-O 8. Be2 d6 9. O-O Bd7 10. Nc2 Qa5 11. f4 Rac8
12. Rc1 Be6 13. a3 Nb8 14. Nd5 Rfe8 15. Qd3 Nbd7 16. b4 Qa6
17. Nd4 Bxd5 18. exd5 b6 19. Bf3 Qb7 20. Rfe1 Nb8 21. Bf2 Qd7
22. h3 e5 23. dxe6 fxe6 24. Nb5 d5 25. cxd5 Rxc1 26. Rxc1 Nxd5
27. Bxd5 Qxd5 28. Qxd5 exd5 29. Nxa7 Bb2 30. Rb1 Re2 31. Nb5
Nc6 32. Bxb6 Kf7 33. Rd1 Ne7 34. a4 Nc6 35. Bc5 d4 36. a5 Bc3
37. Nxc3 dxc3 38. Rc1 1-0

[Event "Qatar Masters"]
[Site "Doha QAT"]
[Date "2014.12.01"]
[EventDate "2014.11.26"]
[Round "6.5"]
[Result "1/2-1/2"]
[White "Samuel Shankland"]
[Black "Yu Yangyi"]
[WhiteElo "2642"]
[BlackElo "2705"]
[PlyCount "104"]

1. d4 Nf6 2. c4 e6 3. Nc3 Bb4 4. Qc2 c5 5. dxc5 O-O 6. a3 Bxc5
7. Nf3 Qb6 8. e4 Ng4 9. Nd1 Nc6 10. b4 Be7 11. Ne3 Nxe3
12. Bxe3 Qc7 13. Be2 d6 14. O-O e5 15. h3 Be6 16. Rfd1 h6
17. Rac1 Rfd8 18. Qc3 b6 19. Nd2 Bg5 20. Bg4 Bxe3 21. Qxe3 a5
22. c5 dxc5 23. bxc5 b5 24. Bxe6 fxe6 25. Nf3 b4 26. Qb3 Qe7
27. axb4 axb4 28. Qc4 Rxd1+ 29. Rxd1 Kh7 30. Qb5 Qe8 31. Rb1
Qd7 32. Kh2 Ra5 33. Qc4 Qe7 34. Rc1 Ra3 35. Qb5 Qd7 36. Rb1
Qd3 37. Rxb4 Nxb4 38. Qxb4 Rc3 39. c6 Rxc6 40. Nxe5 Qd6
41. Qxd6 Rxd6 42. h4 Kg8 43. h5 Rd4 44. f3 Rd2 45. Kh3 Rb2
46. g4 Rb5 47. Ng6 Kf7 48. Kg3 Ke8 49. Kf4 Kd7 50. Ne5+ Kd6
51. Nf7+ Ke7 52. Ne5 Kd6 1/2-1/2

[Event "Qatar Masters"]
[Site "Doha QAT"]
[Date "2014.12.02"]
[EventDate "2014.11.26"]
[Round "7.3"]
[Result "1/2-1/2"]
[White "Yuriy Kryvoruchko"]
[Black "Samuel Shankland"]
[WhiteElo "2706"]
[BlackElo "2642"]
[PlyCount "108"]

1. e4 c5 2. Nf3 d6 3. d4 cxd4 4. Qxd4 Nc6 5. Bb5 Bd7 6. Qd3 g6
7. O-O Bg7 8. c4 Nf6 9. Nc3 O-O 10. h3 a6 11. Bxc6 Bxc6
12. Nd4 Bd7 13. a4 Qc7 14. Be3 Rfc8 15. b3 b6 16. Rac1 Qb7
17. f4 e6 18. Rfe1 Rd8 19. Bf2 e5 20. Nde2 Bc6 21. Nd5 Bxd5
22. cxd5 exf4 23. Nxf4 Nd7 24. Ne2 Rac8 25. Nd4 Rxc1 26. Rxc1
Nc5 27. Qb1 Re8 28. Re1 Qe7 29. Nc6 Qg5 30. a5 bxa5 31. Bxc5
dxc5 32. d6 Bd4+ 33. Kh1 Be5 34. Qd3 Qf4 35. g3 Qf6 36. d7
Qxc6 37. Qd5 Qa8 38. dxe8=Q+ Qxe8 39. Kg2 Qe7 40. Qa8+ Kg7
41. Qxa6 h5 42. Qd3 Bd4 43. Re2 Qg5 44. Qd2 Qd8 45. Qc1 h4
46. Qf4 hxg3 47. Qxg3 Qe8 48. Qd3 Qe5 49. Rc2 Qh5 50. Qf3 Qh4
51. Qe2 Qg5+ 52. Kf3 Qf6+ 53. Kg2 Qg5+ 54. Kf3 Qf6+ 1/2-1/2

[Event "Qatar Masters"]
[Site "Doha QAT"]
[Date "2014.12.04"]
[EventDate "2014.11.26"]
[Round "9.5"]
[Result "1/2-1/2"]
[White "Samuel Shankland"]
[Black "Pavel Eljanov"]
[WhiteElo "2642"]
[BlackElo "2719"]
[PlyCount "63"]

1. e4 e5 2. Nf3 Nc6 3. Bb5 Nf6 4. O-O Nxe4 5. d4 Nd6 6. Bxc6
dxc6 7. dxe5 Nf5 8. Qxd8+ Kxd8 9. Rd1+ Ke8 10. Nc3 Be7 11. Bg5
Bxg5 12. Nxg5 h6 13. Nge4 Ne7 14. f4 Ng6 15. g3 Ke7 16. Kf2
Bg4 17. Rd2 Rhd8 18. Rxd8 Rxd8 19. Ke3 h5 20. Nf2 Bf5 21. Nce4
f6 22. exf6+ gxf6 23. h3 Bc8 24. g4 hxg4 25. hxg4 f5 26. gxf5
Bxf5 27. Rh1 Rf8 28. Nd3 b6 29. Rh5 c5 30. c4 a5 31. a4 Kd8
32. b3 1/2-1/2

[Event "Tata Steel Group B"]
[Site "Wijk aan Zee NED"]
[Date "2015.01.18"]
[EventDate "2015.01.10"]
[Round "8"]
[Result "1/2-1/2"]
[White "Samuel Shankland"]
[Black "Vladimir Potkin"]
[WhiteElo "2652"]
[BlackElo "2608"]
[PlyCount "66"]

1. c4 c5 2. Nf3 Nf6 3. Nc3 d5 4. cxd5 Nxd5 5. d4 Nxc3 6. bxc3
g6 7. e3 Bg7 8. Bb5+ Bd7 9. a4 Qa5 10. Qb3 cxd4 11. exd4 Bxb5
12. Qxb5+ Qxb5 13. axb5 Nd7 14. Be3 e5 15. Ke2 exd4 16. cxd4
Nb6 17. Rhc1 Kd7 18. Ne5+ Bxe5 19. dxe5 Nd5 20. Bxa7 Rhc8
21. Bd4 Rxa1 22. Rxa1 Rc4 23. Rd1 Ke6 24. g3 Rb4 25. b6 g5
26. Kf3 h5 27. h3 Nxb6 28. Bc5 g4+ 29. Kg2 Rb5 30. Rd6+ Kxe5
31. Rxb6 Rxc5 32. Rxb7 Kf6 33. h4 Ke5 1/2-1/2